Mô hình xưởng tuyển tạo mỏ và tại xưởng tuyển trung tâm vùng Quảng Ninh /

Gespeichert in:
Bibliographische Detailangaben
1. Verfasser: Phạm Hữu Giang, TS.
Weitere Verfasser: Đinh Ngọc Đăng (Biên tập.)
Format: Artikel
Sprache:Vietnamese
Schlagworte:
Tags: Tag hinzufügen
Keine Tags, Fügen Sie den ersten Tag hinzu!
Thư viện lưu trữ: Thư viện Trường Đại học Đà Lạt
LEADER 00892nam a2200277 4500
001 DLU100111052
005 ##20100826
040 # # |a DLU  |b vie 
041 # # |a vie 
044 # # |a vn 
100 # # |a Phạm Hữu Giang,  |c TS. 
245 # # |a Mô hình xưởng tuyển tạo mỏ và tại xưởng tuyển trung tâm vùng Quảng Ninh /  |c Phạm Hữu Giang, Đinh Ngọc Đăng, biên tập.  
653 # # |a Công nghệ cao 
653 # # |a Công nghiệp mỏ 
653 # # |a Khai thác mỏ 
700 # # |a Đinh Ngọc Đăng,   |e Biên tập. 
773 # # |t Tạp chí Công nghiệp mỏ  |g Số1, 2008, tr. 18-20 
920 # # |a Phòng Tạp chí -- Trung tâm Thông tin - Thư viện Trường Đại học Đà Lạt 
994 # # |a DLU 
900 # # |a True 
911 # # |a Nguyễn Thị Linh Chi 
925 # # |a G 
926 # # |a A 
927 # # |a BB 
980 # # |a Thư viện Trường Đại học Đà Lạt